00748 2200253 4500001002100000005001500021035002000036007000300056008004100059020002200100082001000122084001600132100001500148245013100163250001000294260004200304300002300346650002400369700001800393700002200411500003900433990001100472990001100483INLIS00000000000427520191022102831 a0010-1019000127ta191022 g 0 ind  a978-602-5868-00-9 a153.8 a153.8 MAU c0 aMAURUS, J.1 aCoping with Depression :bJangan Mau Kalah dari Depreasi! /cJ. Maurus; Penerjemah, Laila Qadria; penyunting, Susilawati Hamsa acet.2 aYogyakarta :bBright Publisher,c2018 a139 hlm. ;c20 cm. 4aPSIKOLOGI. MOTIVASI0 aLAILA, Qadria0 aSUSILAWATI, Hamsa aJudul asli: Coping with depression a6974 a a6974 b